<?xml version="1.0" encoding="UTF-8"?>
<record
    xmlns:xsi="http://www.w3.org/2001/XMLSchema-instance"
    xsi:schemaLocation="http://www.loc.gov/MARC21/slim http://www.loc.gov/standards/marcxml/schema/MARC21slim.xsd"
    xmlns="http://www.loc.gov/MARC21/slim">

  <leader>00929nab a2200253 uc4500</leader>
  <controlfield tag="001">567943</controlfield>
  <controlfield tag="005">20250306105938.0</controlfield>
  <controlfield tag="008">991125nuuuuuuuu                    por  </controlfield>
  <datafield tag="035" ind1=" " ind2=" ">
    <subfield code="a">567943</subfield>
  </datafield>
  <datafield tag="035" ind1=" " ind2=" ">
    <subfield code="a">(OCoLC)819820514</subfield>
  </datafield>
  <datafield tag="040" ind1=" " ind2=" ">
    <subfield code="c">comduadb</subfield>
  </datafield>
  <datafield tag="041" ind1=" " ind2=" ">
    <subfield code="a">por</subfield>
  </datafield>
  <datafield tag="100" ind1="1" ind2="0">
    <subfield code="a">Clement, Charles Roland</subfield>
    <subfield code="4">aut</subfield>
    <subfield code="e">aut</subfield>
    <subfield code="9">500712</subfield>
  </datafield>
  <datafield tag="245" ind1="1" ind2="2">
    <subfield code="a">A Pupunha brava (Bactris Dahlgreniana Glassman, Palmae) no estado do Amazonas, Brasil</subfield>
  </datafield>
  <datafield tag="650" ind1=" " ind2=" ">
    <subfield code="a">Morfometr&#xED;a</subfield>
    <subfield code="9">28747</subfield>
  </datafield>
  <datafield tag="650" ind1=" " ind2=" ">
    <subfield code="a">An&#xE1;lisis qu&#xED;mico de las plantas</subfield>
    <subfield code="9">8405</subfield>
  </datafield>
  <datafield tag="650" ind1=" " ind2=" ">
    <subfield code="a">Chontaduro : Bactris gasipaes</subfield>
    <subfield code="9">26592</subfield>
  </datafield>
  <datafield tag="650" ind1=" " ind2="7">
    <subfield code="a">Palmas</subfield>
    <subfield code="2">lemb</subfield>
    <subfield code="9">28219</subfield>
  </datafield>
  <datafield tag="650" ind1=" " ind2=" ">
    <subfield code="a">Amazonas (Brasil)</subfield>
    <subfield code="9">55947</subfield>
  </datafield>
  <datafield tag="700" ind1="1" ind2="0">
    <subfield code="a">Aguiar, Jaime Paiva Lopes</subfield>
    <subfield code="4">aut</subfield>
    <subfield code="e">aut</subfield>
    <subfield code="9">299160</subfield>
  </datafield>
  <datafield tag="700" ind1="1" ind2="0">
    <subfield code="a">Aued Pimentel, Sabria</subfield>
    <subfield code="4">aut</subfield>
    <subfield code="e">aut</subfield>
    <subfield code="9">299161</subfield>
  </datafield>
  <datafield tag="773" ind1="0" ind2=" ">
    <subfield code="t">Acta Bot&#xE1;nica Venezuelica (Caracas)</subfield>
    <subfield code="g">Vol. 22, No. 01, 1999, p. 29-44</subfield>
    <subfield code="w">(CO-MdUADB)564682</subfield>
    <subfield code="x">0084-5906</subfield>
    <subfield code="0">137289</subfield>
    <subfield code="9">869681</subfield>
    <subfield code="o">6-10000003180581</subfield>
  </datafield>
  <datafield tag="942" ind1=" " ind2=" ">
    <subfield code="c">ARIMP</subfield>
  </datafield>
  <datafield tag="999" ind1=" " ind2=" ">
    <subfield code="c">142132</subfield>
    <subfield code="d">142132</subfield>
  </datafield>
</record>
